El guión clásico de Hollywood /

-д хадгалсан:
Номзүйн дэлгэрэнгүй
Үндсэн зохиолч: Onaindia, Mario (autor)
Формат: Ном
Хэл сонгох:испани
Хэвлэсэн: Barcelona, España : Paidós, 1996, c1996
Цуврал:(Papeles de Comunicación ; 16)
Нөхцлүүд:
Шошгууд: Шошго нэмэх
Шошго байхгүй, Энэхүү баримтыг шошголох эхний хүн болох!

MARC

LEADER 00000nam^a2200000^a^4500
001 000054799
005 20250521000000.0
009 20260310090521.864
020 |a 84-493-0271-4 
037 |a Acervo ITESO - Biblioteca 
041 |a ESP 
082 |a 302. 2350973  |b ONA 
100 |a Onaindia, Mario  |e (autor) 
245 1 3 |a El guión clásico de Hollywood /  |c M. Onaindia. 
264 4 |a Barcelona, España :  |b Paidós,  |c 1996, c1996 
300 |a 222 p. 
336 |a texto  |b txt  |2 rdacontenido 
337 |a sin mediación  |b n  |2 rdamedio 
338 |a volumen  |b nc  |2 rdasoporte 
440 1 |a (Papeles de Comunicación ;  |v 16) 
649 |a XX 
650 |a Cineastas Austríacos 
650 |a Guiones Cinematográficos -  |z EUA -  |x Tema Principal 
650 |a Guiones Cinematográficos -  |x Teoría -  |x Tema Principal 
650 |a Lenguaje Cinematográfico 
650 |a Comedias Cinematográficas 
650 |a Géneros Cinematográficos -  |z EUA 
650 |a Literatura y Cine 
650 |a Literatura -  |x Teoría 
650 |a Cine Norteamericano -  |x Historia y Crítica 
650 |a Cine Norteamericano -  |y 1960-1969 
650 |a Cine Norteamericano -  |y Siglo XX 
650 |a Cine -  |x Teoría 
650 |a Wilder, Billy 
910 |a Fondo General 
920 |a Impresos - Libros 
930 |a Colección General 
905 |a 101 
901 |a 0500013610  |b IT1  |c ACC  |u 20250521 
902 |a https://opac.biblio.iteso.mx/vufind/Record/000054799